| Tag |
First Indicator |
Second Indicator |
Subfields |
| LEADER |
00000ccm a2200000 a 4500 |
| 001 |
in00001191321 |
| 005 |
20151002065005.0 |
| 007 |
hd afv---baca |
| 008 |
910304r19741861ctuppa a n eng d |
| 035 |
|
|
|a (OCoLC)23183449
|
| 035 |
|
|
|9 AGJ9808AM
|
| 040 |
|
|
|a FEI
|c FEI
|d UtOrBLW
|
| 043 |
|
|
|a n-usu--
|a n-us---
|
| 045 |
2 |
|
|b d1861
|b d1865
|
| 048 |
|
|
|a vn01
|a ka01
|
| 049 |
|
|
|a TXAI
|
| 090 |
|
|
|a E487
|b .C66 1974 reel 109 no. 3525
|
| 099 |
|
|
|a Film
|a B 1664
|a reel 109, no. 3525.
|
| 100 |
1 |
|
|a Wrighton, W. T.
|q (William Thomas),
|d 1816-1880.
|
| 245 |
1 |
0 |
|a "Her bright smile haunts me still" /
|c poetry by J.E. Carpenter ; music by W.T. Wrighton.
|
| 264 |
|
1 |
|a Macon, Ga. :
|b Published by J.C. Schreiner & Son,
|c [between 1861 and 1865]
|
| 264 |
|
3 |
|a Macon, Ga. :
|b J.F. Weeks
|
| 300 |
|
|
|a 1 score (5 pages) ;
|c 30 cm.
|
| 336 |
|
|
|a notated music
|b ntm
|2 rdacontent
|
| 337 |
|
|
|a microform
|b h
|2 rdamedia
|
| 338 |
|
|
|a microfilm reel
|b hd
|2 rdacarrier
|
| 490 |
1 |
|
|a The Southern musical boquet [sic] of favorite songs and ballads ;
|v no. 9
|
| 500 |
|
|
|a For voice and piano.
|
| 500 |
|
|
|a Caption title.
|
| 500 |
|
|
|a Filmed from the holdings of the Boston Athenaeum.
|
| 533 |
|
|
|a Microfilm.
|b New Haven, Conn. :
|c Research Publications,
|d [1974].
|e On reel 109 of 143 microfilm reels ; 35 mm.
|f (Confederate imprints, 1861-1865 ; reel 109, no. 3525).
|
| 500 |
|
|
|a Microform.
|
| 650 |
|
0 |
|a Popular music
|z Confederate States of America.
|
| 650 |
|
0 |
|a Songs with piano.
|
| 651 |
|
0 |
|a Confederate States of America
|x Songs and music.
|
| 651 |
|
0 |
|a United States
|x History
|y Civil War, 1861-1865
|v Songs and music.
|
| 700 |
1 |
|
|a Carpenter, J. E.
|q (Joseph Edwards),
|d 1813-1885.
|
| 830 |
|
0 |
|a Southern musical bouquet of favorite songs and ballads ;
|v no. 9.
|
| 830 |
|
0 |
|a Confederate imprints, 1861-1865 ;
|v reel 109, no. 3525.
|
| 999 |
|
|
|a MARS
|
| 999 |
f |
f |
|s b7d0811a-02f4-397f-bfd4-90deee2a1de3
|i ee7a4b85-8a50-3024-9c5c-54cafdd52b23
|t 0
|
| 952 |
f |
f |
|p default
|a Texas A&M University
|b College Station
|c Sterling C. Evans Library
|d Evans: Microforms (3rd floor)
|t 0
|e film B 1664 reel 109, no.3525
|h Other scheme
|i microform -- microfilm reel
|
| 998 |
f |
f |
|a film B 1664 reel 109, no.3525
|t 0
|l Evans: Microforms (3rd floor)
|